000 00889nam a2200265Ia 4500
003 OSt
005 20220923211107.0
006 a|||||r|||| 00| 0
007 ta
008 Pun
020 _a8179824756 (hbk)
_c200
024 _a320,653
037 _b774, 27/02/2017, H.K. Prakashan
_cTextual
040 _aARTS
_cARTS
_bPun
041 _2Pun
_aPun
082 _aO153,6x, Q6
100 _aਭੁੱਲਰ, ਸੰਤੋਖ, ਂਚ.
_9158150
245 0 _aਗੋਰੀਆਂ ਰਿFਮਾਂ ਦੀ ਛੋਹ
260 _aਬਰਨਾਲਾ
_b ਤਰਕਭਾਰਤੀ ਪ੍ਰਕਾFਨ
_c2016
300 _a216ਪ੍ਰ0
_ccm.
650 _a ਪੰਜਾਬੀ ਨਿਬੰਧ
650 _aਸ਼ਚਅਹ਼ਲਜ
_9158151
942 _hO153,6x, Q6
_cTEXL
_2CC
999 _c295145
_d295145